| 000 | 00593nam a22001937a 4500 | ||
|---|---|---|---|
| 003 | OSt | ||
| 008 | 260504b |||||||| |||| 00| 0 eng d | ||
| 082 |
_a633.85 _bS48A |
||
| 100 | _aSingh, Tarun Prasad. | ||
| 245 |
_aAgronomic Studies on Sesamum (Sesamum indicum L.) with Particular Reference to Plant Population & Nitrogen and Phosphorus Nutrition / _cby Tarun Prasad Singh |
||
| 260 |
_a.- Pusa, Samastipur _b: RAU _c, 1992 |
||
| 300 | _a190p. | ||
| 502 |
_bPh. D. _d1992 |
||
| 650 | _aAgronomy | ||
| 650 | _aPlant Population | ||
| 650 | _aThesis | ||
| 650 | _aPh. D. | ||
| 942 |
_2ddc _cT |
||
| 999 |
_c50397 _d50397 |
||